Творчество Н.Д. Ахшарумова: опыт монографического анализа беллетристических и критических текстов (Запись № 11622315)

Подробности
000 -МАРКЕР
контрольное поле 02263nam0a2200409 4500
001 - ИДЕНТИФИКАТОР ЗАПИСИ
контрольное поле RU\NLR\BIBL_A\011749502
005 - ИДЕНТИФИКАТОР ВЕРСИИ
контрольное поле 20180725124517.0
010 ## - МЕЖДУНАРОДНЫЙ СТАНДАРТНЫЙ НОМЕР КНИГИ (ISBN)
Номер (ISBN) 978-5-85341-824-0
Тираж 500
021 ## - НОМЕР ГОСУДАРСТВЕННОЙ РЕГИСТРАЦИИ
Код страны Российская Федерация
Номер КН-П-18-043456
Номер Листа государственной регистраци КН-П-18-3140
035 ## - ДРУГИЕ СИСТЕМНЫЕ НОМЕРА
Идентификатор записи (NLR Aleph) 011749502
035 ## - ДРУГИЕ СИСТЕМНЫЕ НОМЕРА
Идентификатор записи (RuMoRGB)009659950
100 ## - ДАННЫЕ ОБЩЕЙ ОБРАБОТКИ
Данные общей обработки 20180713d2018 k y0rusy50 ca
101 0# - ЯЗЫК РЕСУРСА
Язык текста, звукозаписи и т.д. русский
102 ## - СТРАНА ПУБЛИКАЦИИ ИЛИ ПРОИЗВОДСТВА
Страна публикации Российская Федерация
105 ## - ПОЛЕ КОДИРОВАННЫХ ДАННЫХ: ТЕКСТОВЫЕ МАТЕРИАЛЫ, МОНОГРАФИЧЕСКИЕ
Кодированные данные о монографическом текстовом документе c|||z|||000zy
200 1# - ЗАГЛАВИЕ И СВЕДЕНИЯ ОБ ОТВЕТСТВЕННОСТИ
Основное заглавие Творчество Н.Д. Ахшарумова: опыт монографического анализа беллетристических и критических текстов
Сведения, относящиеся к заглавию [монография]
Первые сведения об ответственности Н.В. Володина, С.Ю. Лаврова
Последующие сведения об ответственности [Череповецкий государственный университет]
210 ## - ПУБЛИКАЦИЯ, РАСПРОСТРАНЕНИЕ И ДР.
Место издания, распространения и т.д. Череповец
Имя издателя, распространителя и т. д. ФГБОУ ВО "Череповецкий государственный университет"
Дата издания, распространения и т.д. 2018
215 ## - ФИЗИЧЕСКАЯ ХАРАКТЕРИСТИКА
Специфическое обозначение материала и объем 162 с.
Другие сведения о физической характеристике портр.
Размеры 21
300 ## - ОБЩИЕ ПРИМЕЧАНИЯ
Текст примечания На 4-й с. обл. 2-й авт.: С.Ю. Лаврова - д.филол.н., проф.
300 ## - ОБЩИЕ ПРИМЕЧАНИЯ
Текст примечания В кн. год рождения Н.Д. Ахшарумова - 1920
320 ## - ПРИМЕЧАНИЯ О НАЛИЧИИ В ДОКУМЕНТЕ БИБЛИОГРАФИИ / УКАЗАТЕЛЯ
Текст примечания Библиогр. в конце разд.
320 ## - ПРИМЕЧАНИЯ О НАЛИЧИИ В ДОКУМЕНТЕ БИБЛИОГРАФИИ / УКАЗАТЕЛЯ
Текст примечания Др. труды 1-го авт. на 4-й с. обл.
600 #1 - ИМЯ ЛИЦА КАК ПРЕДМЕТ
Начальный элемент ввода Ахшарумов
Часть имени, кроме начального элемента ввода Н. Д.
Даты 1819 - 1893
Расширение инициалов личного имени Николай Дмитриевич
Системный номер авторитетной/нормативной записи 2373666
Идентификатор авторитетной/нормативной записи RU\NLR\AUTH\6601638112
686 ## - ИНДЕКСЫ ДРУГИХ КЛАССИФИКАЦИЙ
Индекс Ш5(2=Р)52-4Ахшарумов Н.Д.4,0
Код системы
686 ## - ИНДЕКСЫ ДРУГИХ КЛАССИФИКАЦИЙ
Индекс Ш4г(2)1д.Ахшарумов Н.Д.-4,0
Код системы
686 2# - ИНДЕКСЫ ДРУГИХ КЛАССИФИКАЦИЙ
Индекс Ш5(2=Р)52-4Ахшарумов
700 #1 - ИМЯ ЛИЦА - ПЕРВИЧНАЯ ОТВЕТСТВЕННОСТЬ
Графика поля Кириллица
Материалы, к которым относится поле rus
Начальный элемент ввода Володина
Часть имени, кроме начального элемента ввода Н. В.
Дополнения к именам, кроме дат д-р филол. наук
Даты 1950-2021
Расширение инициалов личного имени Наталья Владимировна
Системный номер авторитетной/нормативной записи 116387
Идентификатор авторитетной/нормативной записи RU\NLR\AUTH\776433
701 #1 - ИМЯ ЛИЦА - АЛЬТЕРНАТИВНАЯ ОТВЕТСТВЕННОСТЬ
Графика поля Кириллица
Материалы, к которым относится поле rus
Начальный элемент ввода Лаврова
Часть имени, кроме начального элемента ввода С. Ю.
Дополнения к именам, кроме дат д-р филол. наук
Даты 1956-
Расширение инициалов личного имени Светлана Юрьевна
Системный номер авторитетной/нормативной записи 115437
Идентификатор авторитетной/нормативной записи RU\NLR\AUTH\775473
702 #1 - ИМЯ ЛИЦА - ВТОРИЧНАЯ ОТВЕТСТВЕННОСТЬ
Код отношения Прочие
Графика поля Кириллица
Материалы, к которым относится поле rus
Начальный элемент ввода Ахшарумов
Часть имени, кроме начального элемента ввода Н. Д.
Даты 1819-1893
Расширение инициалов личного имени Николай Дмитриевич
Системный номер авторитетной/нормативной записи 5640
Идентификатор авторитетной/нормативной записи RU\NLR\AUTH\7722583
942 ## - ДОПОЛНИТЕЛЬНЫЕ ЭЛЕМЕНТЫ ЗАПИСИ (АБИС)
Тип экземпляра АБИС Книга
980 ## - КОЛЛЕКЦИЯ
Название коллекции НБР
980 ## - КОЛЛЕКЦИЯ
Название коллекции Национальная библиография

Нет доступных экземпляров.